Statystyki dla 7 dni tygodnia w 30 sekund

Kliknij tutaj aby rozwiązać quiz!

Ogólne statystyki

  • Ten quiz został rozwiązany 1 143 razy
  • Średni wynik to 7 z 7

Statystyki odpowiedzi

Dzień tygodnia% Poprawnych
poniedziałek
99%
środa
99%
wtorek
99%
czwartek
98%
piątek
98%
sobota
97%
niedziela
95%

Rozkład punktacji

Percentyl według liczby udzielonych odpowiedzi

Procent ludzi z każdym wynikiem

Twoja historia wyników

Nie rozwiązałeś tego quizu